| 000 | 01027cab a2200349 4500 | ||
|---|---|---|---|
| 001 | ABS52845 | ||
| 008 | 090401t1995 xxu||||| |||| 00| 0 eng d | ||
| 035 | _a(Sirsi) u425 | ||
| 041 | _aeng | ||
| 245 | _aEstates Times survey: South Yorkshire | ||
| 260 | _c1995 | ||
| 350 | _a0 | ||
| 490 |
_aEstates Times _v(1279) 12 May 1995, 9-16(8) |
||
| 650 | _aBARNSLEY | ||
| 650 | _aDEARNE VALLEY | ||
| 650 | _aDISTRIBUTION MARKET | ||
| 650 | _aDONCASTER | ||
| 650 | _aENTERPRISE ZONES | ||
| 650 | _aHOTEL MARKET | ||
| 650 | _aINDUSTRIAL MARKET | ||
| 650 | _aLOWER DON VALLEY | ||
| 650 | _aMANUFACTURING INDUSTRY | ||
| 650 | _aMEADOWHALL CENTRE | ||
| 650 | _aPROPERTY-COMMERCIAL PROPERTY-OFFICE PROPERTY-OFFICE PROPERTY MARKET | ||
| 650 | _aPUBLIC HOUSE MARKET | ||
| 650 | _aPROPERTY-COMMERCIAL PROPERTY-RETAIL PROPERTY-RETAIL PROPERTY MARKET | ||
| 650 | _aSHEFFIELD | ||
| 650 | _aURBAN REGENERATION | ||
| 690 | _aPROPERTY-COMMERCIAL PROPERTY-COMMERCIAL PROPERTY MARKET | ||
| 942 | _n0 | ||
| 948 | _c04/03/1997 | ||
| 999 |
_c175 _d175 |
||